All 10k cities in the Netherlands - Statistics

General Stats
  • This quiz has been taken 332 times
  • The average score is 72 of 257
Answer Stats
population name of the city % Correct
1.114.745 Amsterdam
93%
829.875 Rotterdam
86%
803.835 's-Gravenhage
84%
382.520 Utrecht
82%
298.795 Eindhoven
78%
204.570 Haarlem
78%
213.705 Groningen
77%
118.250 Maastricht
75%
177.045 Almere
73%
154.880 Breda
73%
101.825 Alkmaar
72%
270.225 Leiden
72%
213.055 Tilburg
72%
73.510 Lelystad
71%
97.370 Zwolle
71%
110.245 Arnhem
70%
92.460 Leeuwarden
70%
161.000 Nijmegen
70%
83.480 Venlo
70%
23.885 Zwolle-Stadshagen
69%
84.585 Hilversum
68%
153.420 Amersfoort
67%
140.210 Apeldoorn
67%
65.695 Assen
65%
39.635 Middelburg
64%
40.390 Den Helder
63%
162.165 's-Hertogenbosch
63%
221.235 Dordrecht
62%
31.115 Heerenveen
62%
147.850 Enschede
61%
67.180 Almelo
60%
28.735 Volendam
60%
52.060 Emmen
58%
72.010 Gouda
57%
72.590 Hoorn
57%
43.555 Vlissingen
57%
169.560 Heerlen
56%
55.320 Hengelo
56%
22.695 Hengelo-Noord
56%
65.780 Roosendaal
54%
82.780 Deventer
53%
20.065 Urk
53%
136.660 Willemstad
53%
11.505 Bergen
52%
56.930 Oss
52%
30,695 Goes
51%
41.395 Sittard
51%
124.065 Zoetermeer
51%
32.575 Sneek
50%
24.820 Terneuzen
49%
70.195 Ede
47%
47.070 Roermond
47%
70.460 Alphen aan den Rijn
46%
22.750 Emmeloord
46%
81.755 Purmerend
46%
51,385 Zeist
44%
17.905 Enkhuizen
43%
117.440 Ijmuiden
43%
61.740 Nieuwegein
43%
79.635 Helmond
42%
35.950 Wageningen
42%
16.635 Delfzijl
41%
25.425 Dronten
41%
14.340 Harlingen
41%
30.885 Kerkrade
41%
49.715 Geleen
40%
74.350 Hoofddorp
40%
41.050 Hoogeveen
40%
42.560 Doetinchem
39%
44.865 Drachten
38%
33.300 Harderwijk
38%
15.550 Zandvoort
38%
19.525 Zeewolde
38%
50.990 Bergen op Zoom
37%
29.005 Meppel
37%
32.195 Kampen
36%
37.915 Soest
36%
27.910 Venray
36%
34.115 Waalwijk
36%
43.075 Zutphen
36%
39.125 Weert
35%
12.910 Stein
34%
72.475 Heerhugowaard
33%
71.390 Spijkenisse
33%
64.730 Veenendaal
33%
23.035 Baarn
32%
36.645 Woerden
32%
12.065 Franeker
31%
38.670 Tiel
31%
22.630 Winterswijk
31%
21.795 Castricum
30%
35.610 Gorinchem
30%
45.595 Huizen
30%
24.300 Noordwijk
30%
48.630 Oosterhout
29%
10.840 Zierikzee
29%
31.515 Barneveld
27%
12.325 Epe
27%
45.585 Houten
27%
18.075 Schagen
27%
48.625 Bussum
26%
13.745 Coevorden
26%
12.325 Dokkum
26%
41.230 Etten-Leur
26%
26.590 Nijkerk
26%
74.683 Oranjestad
26%
21.620 Stadskanaal
26%
37.055 Uden
26%
15.670 Laren
25%
18.645 Nunspeet
25%
11.210 Rhenen
25%
24.610 Veendam
25%
19.195 Hardenberg
24%
31.120 Oldenzaal
24%
34.045 Ridderkerk
24%
18.975 Steenwijk
24%
12.745 Joure
23%
11.450 Aalsmeer
22%
55.210 Barendrecht
22%
27.575 Best
22%
32.205 De Bilt
22%
14.430 Dieren
22%
33.600 Ijsselstein
22%
23.970 Lisse
22%
32.930 Maassluis
22%
10.175 Ommen
22%
11.235 Appingedam
21%
17.665 Cuijk
21%
17.570 Raalte
21%
25.965 Veghel
21%
23.975 Wassenaar
21%
18.865 Winschoten
21%
23.600 Zevenaar
21%
19.760 Bunschoten
20%
21.735 Heiloo
20%
27.585 Rijssen
20%
15.635 Vianen
20%
26.255 Waddinxveen
20%
18.095 Weesp
20%
33.160 Wijchen
20%
13.345 Boxmeer
19%
23.285 Boxtel
19%
21.700 Ermelo
19%
29.165 Hoogezand
19%
27.185 Culemborg
18%
21.960 Duiven
18%
19.000 Haaksbergen
18%
18.895 Oisterwijk
18%
18.155 Driebergen-Rijsenburg
17%
19.790 Hillegom
17%
25.600 Leusden
17%
30.540 Nieuw-Vennep
17%
18.670 Putten
17%
19.925 Valkenswaard
17%
16.870 Bodegraven
16%
20.725 Borne
16%
23.640 Sliedrecht
16%
11.920 Zaltbommel
16%
12.880 Aalten
15%
21.870 Deurne
15%
36.445 Hellevoetsluis
15%
12.160 Lochem
15%
16.730 Nijverdal
15%
18.700 Nuenen
15%
25.950 Uithoorn
15%
13.420 Wierden
15%
46.430 Berkel en Rodenrijs
14%
12.850 Echt
14%
21.075 Elst
14%
10.105 Geldermalsen
14%
13.240 Horst
14%
13.750 Julianadorp
14%
23.640 Pijnacker
14%
10.200 Steenbergen
14%
12.490 Wolvega
14%
19.355 Alblasserdam
13%
16.845 Beuningen
13%
12.885 Brielle
13%
11.070 Hattem
13%
17.425 Leerdam
13%
20.980 Mijdrecht
13%
13.095 Uitgeest
13%
17.520 Wijk bij Duurstede
13%
12.200 Asten
12%
21.575 Dongen
12%
11.630 Elburg
12%
11.915 Groesbeek
12%
20.090 Kaatsheuvel
12%
10.900 Klazienaveen
12%
12.560 Monster
12%
12.280 Schoonhoven
12%
11.555 Wezep
12%
11.410 Boskoop
11%
17.895 Drunen
11%
11.825 Goor
11%
10.985 Someren
11%
11.465 Woudenberg
11%
13.820 Zevenbergen
11%
12.805 Didam
10%
15.555 Gemert
10%
12.960 Giessendam
10%
12.140 Losser
10%
10.950 Meerssen
10%
23.650 Oud-Beijerland
10%
11.910 Oudenbosch
10%
12.165 Renkum
10%
16.400 Rijen
10%
15.485 Roden
10%
11.620 Son
10%
14.775 Westervoort
10%
22.540 Almere-Haven
9%
10.520 Dedemsvaart
9%
15.685 Leek
9%
12.535 Lichtenvoorde
9%
25.530 Naaldwijk
9%
15.750 Sassenheim
9%
21.795 Schijndel
9%
17.870 's-Gravenzande
9%
21.270 Stede Broec
9%
12.040 Twello
9%
10.900 Vaassen
9%
22.175 Velserbroek
9%
13.340 Druten
8%
18.290 Huissen
8%
20.140 Nieuwerkerk aan den Ijssel
8%
13.840 Ulft
8%
15.835 Vlijmen
8%
11.340 Vriezenveen
8%
74.075 Arnhem-Zuid
7%
14.860 Bennekom
7%
10.710 De Lier
7%
19.105 Geertruidenberg
7%
10.205 Hoogerheide
7%
34.455 Hoogvliet
7%
11.130 Ijsselmuiden
7%
10.895 Sint Oedenrode
7%
14.960 Voorhout
7%
10.435 Werkendam
7%
11.730 Bemmel
6%
10.320 Lent
6%
11.670 Made
6%
12.475 Noordwijkerhout
6%
12.300 Panningen
6%
10.620 Reuver
6%
14.170 Gaanderen
5%
11.490 Halsteren
5%
11.985 Heesch
5%
10.910 Malden
5%
13.380 Middelharnis
5%
12.335 Rozenburg
5%
10.770 Bleiswijk
4%
10.690 Prinsenbeek
4%
11.170 Berkel-Enschot
3%
12.820 Sint Willebrord
3%
10.055 Aalst
2%
26.555 Sint Nicolaas
2%
18.565 Ijburg-Zuidoost
1%
No matching quizzes found
Score Distribution
Percent of People with Each Score
Percentile by Number Answered
Your Score History
You have not taken this quiz